| 000 | | | 03673nmc2a22002413x 450 |
| 001 | | | 0cb16019-1694-4cfd-b275-6df0de30367a |
| 005 | | | 20251023191807.0 |
| 100 | ## | $a | 20250429l18481852k l0rusy0189 ca |
| 101 | 0# | $a | rus |
| 102 | ## | $a | RU |
| 105 | ## | $a | y### |
| 122 | 2# | $a | d |
| 200 | 1# | $a | Дело о посвящении государю императору написанной иеромонахом Спасо-Яковлевского Дмитриева монастыря Виктором Минервиным эпической поэмы под заглавием "Александр Благословенный" |
| | $j | 29 июля 1848 г. - 23 августа 1852 г. |
| 215 | ## | $a | 20 л. |
| | $d | 36,5х26 см |
| 251 | ## | $c | Дело |
| 300 | ## | $a | На обложке указано: "№44" |
| 371 | ## | $a | Документ не является опубликованным и широко распространяемым |
| 461 | #0 | $1 | 0012b5b8419-5ce4-4d16-a7a3-85720a295f1f |
| | $1 | 2001 |
| | $a | Канцелярия министра народного просвещения |
| | $1 | 251 |
| | $c | Фонд |
| | $1 | 852 |
| | $j | 735 |
| 462 | #0 | $1 | 001562cc287-b13c-4f02-8029-f81535ba1e2e |
| | $1 | 2001 |
| | $a | Канцелярия министра народного просвещения |
| | $1 | 251 |
| | $c | Опись |
| | $1 | 852 |
| | $j | 2 |
| 801 | #0 | $a | RU |
| | $b | РГИА |
| | $c | 20250429 |
| | $g | RCR |
| 801 | #1 | $a | RU |
| | $b | ГлавНИВЦ |
| | $c | 20250429 |
| | $2 | rusmarc |
| 801 | #2 | $a | RU |
| | $b | ПБ им. Б.Н. Ельцина |
| | $c | 20251023 |
| | $g | RCR |
| | $2 | rusmarc |
| 850 | ## | $a | РГИА |
| 852 | ## | $a | РГИА |
| | $e | Федеральное казенное учреждение "Российский государственный исторический архив" (РГИА) |
| | $j | 707 |
| 937 | ## | $h | РГИА |
| | $d | 12421626 |
| | $a | ASBIBLIO_SCAN |
| 035 | ## | $a | RusGRCC00085696 |
| 856 | ## | $u | http://readingroom.main.prlib.ru/item.aspx?id_node=n198641763&mode=full |